[Event "30th Klatovy B 2024"]
[Site "Klatovy CZE"]
[Date "2024.07.05"]
[Round "7.3"]
[White "Vojta, Radek 2007"]
[Black "Rudlof, Jan 2006"]
[Result "1-0"]
[WhiteElo "1693"]
[BlackElo "1599"]
[PlyCount "45"]
[EventDate "2024.06.29"]
[EventType "swiss"]
[EventRounds "9"]
[EventCountry "CZE"]

1. e4 {[%emt 0:00:02]} e5 {[%emt 0:00:05]} 2. Nc3 {[%emt 0:00:05]} Nc6 {[%emt 0:00:21]} 3. Bc4 {[%emt 0:00:08]} Nf6 {[%emt 0:00:34]} 4. d3 {[%emt 0:00:13]} Bc5 {[%emt 0:00:22]} 5. f4 {[%emt 0:00:10]} exf4 {[%emt 0:02:33]} 6. Bxf4 {[%emt 0:01:31]} d6 {[%emt 0:02:04]} 7. Nf3 {[%emt 0:04:31]} h6 {[%emt 0:02:51]} 8. Na4 {[%emt 0:02:33]} Bd4 {[%emt 0:06:29]} 9. c3 {[%emt 0:01:09]} Be5 {[%emt 0:00:58]} 10. Bxe5 {[%emt 0:05:42]} Nxe5 {[%emt 0:01:01]} 11. Nxe5 {[%emt 0:00:43]} dxe5 {[%emt 0:01:29]} 12. b4 {[%emt 0:03:06]} a6 {[%emt 0:03:24]} 13. Nb2 {[%emt 0:03:28]} O-O {[%emt 0:02:02]} 14. O-O {[%emt 0:00:55]} Bg4 {[%emt 0:09:11]} 15. Qe1 {[%emt 0:06:56]} Bh5 {[%emt 0:04:02]} 16. Qg3 {[%emt 0:05:37]} Qd6 {[%emt 0:04:20]} 17. Nd1 {[%emt 0:05:17]} Bxd1 {[%emt 0:09:11]} 18. Raxd1 {[%emt 0:04:21]} b5 {[%emt 0:01:01]} 19. Bb3 {[%emt 0:00:09]} Rad8 {[%emt 0:05:00]} 20. Rf5 {[%emt 0:06:21]} Qb6+ {[%emt 0:04:26]} 21. Kh1 {[%emt 0:02:08]} Rfe8 {[%emt 0:07:18]} 22. Rdf1 {[%emt 0:11:31]} Qc6 {[%emt 0:09:06]} 23. Rxf6 {[%emt 0:00:44]} 1-0

[Event "30th Klatovy B 2024"]
[Site "Klatovy CZE"]
[Date "2024.07.05"]
[Round "7.15"]
[White "Rezac, Jindrich"]
[Black "Mascak, Milan"]
[Result "1-0"]
[WhiteElo "1875"]
[BlackElo "1662"]
[PlyCount "123"]
[EventDate "2024.06.29"]
[EventType "swiss"]
[EventRounds "9"]
[EventCountry "CZE"]

1. c4 Nf6 2. Nc3 g6 3. g3 Bg7 4. Bg2 O-O 5. d4 d6 6. Nf3 c6 7. e4 Bg4 8. h3 Bd7 9. O-O Qc8 10. Kh2 Na6 11. Be3 Nc7 12. Rc1 Nfe8 13. Qd2 Bh8 14. Nh4 Ng7 15. f4 f5 16. e5 Nce8 17. d5 Nc7 18. dxc6 Bxc6 19. Bxc6 bxc6 20. exd6 Rd8 21. Qg2 Rxd6 22. Bc5 Re6 23. Nf3 Nge8 24. Ng5 Rf6 25. Bxe7 Re6 26. Nxe6 Qxe6 27. Qe2 Qxe2+ 28. Nxe2 Bxb2 29. Rb1 Bg7 30. Rb7 Ne6 31. Rd1 c5 32. Rdd7 a5 33. a4 Rc8 34. Nc1 Nf6 35. Bxf6 Bxf6 36. Nd3 Re8 37. Ne5 Nf8 38. Rd5 g5 39. Rxc5 gxf4 40. gxf4 Ne6 41. Rxa5 Nxf4 42. Rbb5 Bh4 43. Rb1 Rd8 44. Nf3 Rd3 45. Ra7 Bd8 46. Kg3 Ne6 47. Re1 Bc7+ 48. Kh4 Bd8+ 49. Kg3 Bc7+ 50. Rxc7 Nxc7 51. Re7 Na6 52. Ra7 Nc5 53. Kf4 h6 54. h4 Ne6+ 55. Kxf5 Nd4+ 56. Nxd4 Rxd4 57. Rc7 Rxh4 58. Kg6 Kf8 59. a5 Ke8 60. a6 Rd4 61. a7 Rd8 62. Rh7 1-0

[Event "30th Klatovy B 2024"]
[Site "Klatovy CZE"]
[Date "2024.07.05"]
[Round "7.16"]
[White "Stegner, Mathias 2007"]
[Black "Martinek, Lukas"]
[Result "0-1"]
[WhiteElo "1566"]
[BlackElo "1698"]
[PlyCount "74"]
[EventDate "2024.06.29"]
[EventType "swiss"]
[EventRounds "9"]
[EventCountry "CZE"]

1. d4 Nf6 2. g3 g6 3. Bg2 Bg7 4. c3 d6 5. Bg5 O-O 6. Nd2 h6 7. Bxf6 Bxf6 8. Qc2 e5 9. dxe5 Bxe5 10. Ngf3 Bg7 11. h4 Qe7 12. Bh3 Re8 13. e3 Bxh3 14. Rxh3 Nc6 15. O-O-O Qe6 16. Rdh1 Qxa2 17. h5 g5 18. Nxg5 hxg5 19. h6 Bh8 20. Rh5 Qd5 21. e4 Qc5 22. f4 Bf6 23. Kb1 Qe3 24. Nf1 Qxe4 25. Qxe4 Rxe4 26. fxg5 Bh8 27. Nd2 Re3 28. g4 Ne5 29. h7+ Kg7 30. Rf1 Nxg4 31. Nf3 Ne5 32. Nh4 Re2 33. Rh6 Nd3 34. Rxf7+ Kxf7 35. g6+ Kf6 36. g7+ Kxg7 37. Nf5+ Kf7 0-1

[Event "30th Klatovy B 2024"]
[Site "Klatovy CZE"]
[Date "2024.07.05"]
[Round "7.17"]
[White "Koukola, Stepan"]
[Black "Kroulik, Stepan"]
[Result "0-1"]
[WhiteElo "1470"]
[BlackElo "1688"]
[PlyCount "74"]
[EventDate "2024.06.29"]
[EventType "swiss"]
[EventRounds "9"]
[EventCountry "CZE"]

1. e4 c5 2. d4 cxd4 3. c3 dxc3 4. Nxc3 e6 5. Nf3 a6 6. Bf4 Ne7 7. Bc4 Ng6 8. Bg3 b5 9. Bb3 Nc6 10. O-O Be7 11. Rc1 O-O 12. Qd2 Qb6 13. Rfd1 Rd8 14. a3 Bb7 15. Qe2 Rac8 16. h3 Na5 17. Ba2 d6 18. Nd4 Nc4 19. Bxc4 Rxc4 20. Nc2 Bf6 21. Ne3 Rd4 22. Rc2 Rxd1+ 23. Qxd1 Bxc3 24. Rxc3 Bxe4 25. Rb3 Qc7 26. Rc3 Qe7 27. f3 Bb7 28. Rd3 d5 29. f4 Rc8 30. f5 Nf8 31. Qe1 Qc5 32. Bf2 Qc1 33. Qxc1 Rxc1+ 34. Kh2 Nd7 35. Bg3 Nc5 36. Rd2 Ne4 37. Re2 Rh1+ 0-1

[Event "30th Klatovy B 2024"]
[Site "Klatovy CZE"]
[Date "2024.07.05"]
[Round "7.18"]
[White "Jelinek, Jan"]
[Black "Rektor, David"]
[Result "1-0"]
[WhiteElo "1662"]
[BlackElo "1625"]
[PlyCount "29"]
[EventDate "2024.06.29"]
[EventType "swiss"]
[EventRounds "9"]
[EventCountry "CZE"]

1. e4 c6 2. d4 d5 3. Bd3 dxe4 4. Bxe4 Nf6 5. Bf3 Bf5 6. Bg5 Nbd7 7. Nd2 e6 8. Ne2 Bd6 9. O-O O-O 10. Ng3 Qb6 11. c3 Qxb2 12. Nc4 Qxc3 13. Nxd6 Bd3 14. Nge4 Qxd4 15. Be3 1-0

[Event "30th Klatovy B 2024"]
[Site "Klatovy CZE"]
[Date "2024.07.05"]
[Round "7.19"]
[White "Studnicka, Ondrej"]
[Black "Strazhnyk, Viktoriia"]
[Result "0-1"]
[WhiteElo "1748"]
[BlackElo "1609"]
[PlyCount "60"]
[EventDate "2024.06.29"]
[EventType "swiss"]
[EventRounds "9"]
[EventCountry "CZE"]

1. e4 e6 2. d4 d5 3. exd5 exd5 4. Bd3 Nf6 5. Qe2+ Be7 6. Nf3 Nc6 7. c3 O-O 8. O-O Re8 9. Bg5 Bg4 10. Nbd2 Ne4 11. Bxe7 Qxe7 12. Rfe1 Nxd2 13. Qxd2 Qf6 14. Rxe8+ Rxe8 15. Re1 Rxe1+ 16. Qxe1 g6 17. Qe8+ Kg7 18. Ne5 Nxe5 19. dxe5 Qf4 20. Bf1 Be6 21. Qb5 b6 22. Qe2 c5 23. g3 Qc1 24. Qf3 Qg5 25. Qe2 d4 26. f4 Qd8 27. Qd1 Bxa2 28. b3 d3 29. Bg2 d2 30. Bf3 Qd3 0-1

[Event "30th Klatovy B 2024"]
[Site "Klatovy CZE"]
[Date "2024.07.05"]
[Round "7.20"]
[White "Tykalova, Barbora 2015"]
[Black "Sova, Zdenek"]
[Result "0-1"]
[WhiteElo "1594"]
[BlackElo "1822"]
[PlyCount "70"]
[EventDate "2024.06.29"]
[EventType "swiss"]
[EventRounds "9"]
[EventCountry "CZE"]

1. e4 c5 2. Nf3 e6 3. d4 cxd4 4. Nxd4 a6 5. Nc3 Qc7 6. Be2 Nf6 7. O-O d6 8. f3 Be7 9. Qe1 Nbd7 10. Qg3 Nh5 11. Qg4 Ndf6 12. Qh4 g6 13. Qf2 O-O 14. f4 Ng7 15. Be3 b5 16. Bf3 Bb7 17. Nb3 b4 18. Bb6 Qd7 19. e5 bxc3 20. exf6 Bxf6 21. Bxb7 Qxb7 22. bxc3 Bxc3 23. Rad1 d5 24. Bc5 Rfc8 25. Qh4 Nf5 26. Qh3 Bg7 27. Kh1 Qb5 28. Rf3 Rxc5 29. Nxc5 Qxc5 30. g4 Qxc2 31. Rg1 Nd4 32. Rc3 Qe4+ 33. Rg2 Qxf4 34. Rcg3 Rc8 35. Rg1 Rc2 0-1

[Event "30th Klatovy B 2024"]
[Site "Klatovy CZE"]
[Date "2024.07.05"]
[Round "7.21"]
[White "Zbanek, Jan"]
[Black "Kvaca, Frantisek"]
[Result "1/2-1/2"]
[WhiteElo "1775"]
[BlackElo "1558"]
[PlyCount "77"]
[EventDate "2024.06.29"]
[EventType "swiss"]
[EventRounds "9"]
[EventCountry "CZE"]

1. e4 e5 2. Nc3 Bc5 3. Bc4 d6 4. d3 Nf6 5. Na4 Bb6 6. Nxb6 axb6 7. Bg5 h6 8. Bh4 Qe7 9. Ne2 Be6 10. f3 Bxc4 11. dxc4 Qe6 12. b3 Nbd7 13. Nc3 O-O 14. Bxf6 Nxf6 15. Nd5 Nxd5 16. Qxd5 Qxd5 17. cxd5 Ra3 18. Kd2 Rfa8 19. Kc1 Rxa2 20. Rxa2 Rxa2 21. Kb1 Ra5 22. Rd1 Kf8 23. b4 Ra8 24. b5 Ra4 25. c3 Ke7 26. Kb2 Ra5 27. c4 Kf6 28. Kb3 Kg5 29. g3 Kf6 30. Rf1 Ke7 31. f4 f6 32. f5 Kd7 33. Rb1 Ra8 34. Kb2 c6 35. Ra1 Rxa1 36. Kxa1 c5 37. g4 Ke7 38. h4 Kf7 39. h5 1/2-1/2

[Event "30th Klatovy B 2024"]
[Site "Klatovy CZE"]
[Date "2024.07.05"]
[Round "7.22"]
[White "Krivka, Lukas"]
[Black "Tejnor, Martin"]
[Result "1/2-1/2"]
[WhiteElo "1587"]
[BlackElo "1732"]
[PlyCount "108"]
[EventDate "2024.06.29"]
[EventType "swiss"]
[EventRounds "9"]
[EventCountry "CZE"]

1. d4 Nf6 2. c4 g6 3. Nc3 d5 4. cxd5 Nxd5 5. e4 Nxc3 6. bxc3 Bg7 7. Be3 O-O 8. Nf3 c5 9. Be2 Nc6 10. O-O Bg4 11. e5 Qa5 12. Qc2 Rfd8 13. Rfd1 Rac8 14. Qb3 Rd7 15. Rd2 e6 16. h3 Bxf3 17. Bxf3 cxd4 18. cxd4 Nxe5 19. dxe5 Rxd2 20. Bxd2 Qxd2 21. Bxb7 Rc1+ 22. Rxc1 Qxc1+ 23. Kh2 Qf4+ 24. Qg3 Bxe5 25. Qxf4 Bxf4+ 26. g3 Bd6 27. Kg2 Kg7 28. f4 e5 29. fxe5 Bxe5 30. g4 Kh6 31. Bd5 f6 32. h4 f5 33. Kf3 fxg4+ 34. Kxg4 Bf6 35. Bg8 Kg7 36. Bd5 h5+ 37. Kh3 Be7 38. Be4 Kf6 39. Bd3 Kg7 40. Be4 Kh6 41. Bd3 g5 42. hxg5+ Kxg5 43. Bc4 Bd6 44. Be2 h4 45. Bc4 Bg3 46. Ba6 Kf4 47. Bc4 Ke3 48. Bb3 Kd2 49. Bc4 Kc3 50. Bg8 Kb2 51. Bf7 a5 52. Bb3 a4 53. Bxa4 Kxa2 54. Bd7 Kb2 1/2-1/2

[Event "30th Klatovy B 2024"]
[Site "Klatovy CZE"]
[Date "2024.07.05"]
[Round "7.23"]
[White "Lickova, Anna"]
[Black "Babicky, Jan 2009"]
[Result "1-0"]
[WhiteElo "1725"]
[BlackElo "1542"]
[PlyCount "55"]
[EventDate "2024.06.29"]
[EventType "swiss"]
[EventRounds "9"]
[EventCountry "CZE"]

1. e4 e6 2. d4 d5 3. Bd3 dxe4 4. Bxe4 Nf6 5. Bf3 Nbd7 6. Nc3 Bd6 7. Bg5 O-O 8. Ne4 h6 9. Bh4 e5 10. Ne2 g5 11. Bg3 g4 12. Nxf6+ Nxf6 13. dxe5 gxf3 14. gxf3 Be7 15. exf6 Bxf6 16. c3 Qe7 17. O-O h5 18. Kh1 b6 19. Rg1 Kh8 20. Qd5 Qc5 21. Qxa8 Be6 22. Qe4 Bd5 23. Qf5 Bg5 24. h4 Qc6 25. Nd4 Qa8 26. Be5+ f6 27. Qxg5 Bxf3+ 28. Kh2 1-0

[Event "30th Klatovy B 2024"]
[Site "Klatovy CZE"]
[Date "2024.07.05"]
[Round "7.24"]
[White "Vavrousek, Petr"]
[Black "Bubela, Alexander Georg"]
[Result "0-1"]
[WhiteElo "1710"]
[BlackElo "1549"]
[PlyCount "80"]
[EventDate "2024.06.29"]
[EventType "swiss"]
[EventRounds "9"]
[EventCountry "CZE"]

1. e4 e6 2. d4 d5 3. Nc3 Nf6 4. e5 Nfd7 5. Qg4 h5 6. Qg3 c5 7. Nb5 g6 8. Bd3 Rg8 9. Nf3 Nc6 10. O-O Nxd4 11. Nfxd4 cxd4 12. Nxd4 h4 13. Qe3 Bc5 14. c3 Qe7 15. a4 g5 16. b4 Bb6 17. Ba3 g4 18. f4 gxf3 19. Rxf3 Qg5 20. Qxg5 Rxg5 21. a5 Bc7 22. Raf1 Nxe5 23. Bb5+ Ke7 24. Rh3 Rg4 25. Be2 Re4 26. Bc1 Bd8 27. Rxh4 Rxh4 28. Bg5+ Ke8 29. Bxh4 Bxh4 30. Nb5 Kd7 31. Bh5 f5 32. g3 Bg5 33. Re1 Bf6 34. Be2 b6 35. Nd4 Bb7 36. a6 Bc8 37. b5 Kd6 38. h4 Bd7 39. Kg2 Rg8 40. Kh3 Ng4 0-1

[Event "30th Klatovy B 2024"]
[Site "Klatovy CZE"]
[Date "2024.07.05"]
[Round "7.25"]
[White "Svejdar, Petr"]
[Black "Strihavka, Petr"]
[Result "1-0"]
[WhiteElo "1695"]
[BlackElo "1518"]
[PlyCount "41"]
[EventDate "2024.06.29"]
[EventType "swiss"]
[EventRounds "9"]
[EventCountry "CZE"]

1. d4 d5 2. Nf3 Nf6 3. e3 e6 4. Bd3 Bd6 5. Nbd2 Nbd7 6. O-O O-O 7. Qe2 b6 8. e4 e5 9. dxe5 Nxe5 10. Nxe5 Bxe5 11. Nf3 Re8 12. Nxe5 Rxe5 13. f4 Rh5 14. e5 Ng4 15. f5 Qh4 16. h3 Nh6 17. Rf4 Qg5 18. Rg4 Qe7 19. Rxg7+ Kxg7 20. f6+ Kg8 21. fxe7 1-0

[Event "30th Klatovy B 2024"]
[Site "Klatovy CZE"]
[Date "2024.07.05"]
[Round "7.29"]
[White "Pucholt, Martin"]
[Black "Dobsinsky, Petr"]
[Result "1-0"]
[WhiteElo "1752"]
[BlackElo "1504"]
[PlyCount "81"]
[EventDate "2024.06.29"]
[EventType "swiss"]
[EventRounds "9"]
[EventCountry "CZE"]

1. c4 c5 2. Nc3 Nf6 3. g3 g6 4. Bg2 Bg7 5. Nf3 Nc6 6. O-O O-O 7. e4 e5 8. d3 d6 9. Be3 b6 10. Qd2 Ng4 11. a3 Nxe3 12. fxe3 Bg4 13. h3 Bxf3 14. Rxf3 Qg5 15. Qf2 Bh6 16. Nd5 Ne7 17. Nc3 f5 18. Kh2 fxe4 19. Nxe4 Rxf3 20. Qxf3 Rf8 21. Qxf8+ Kxf8 22. Nxg5 Bxg5 23. e4 Bf6 24. b4 Nc6 25. bxc5 dxc5 26. Rf1 Ke7 27. h4 h6 28. Rf2 Nd4 29. a4 Nb3 30. Bf1 Ke6 31. Rb2 Na5 32. Kh3 Kf7 33. g4 Kg7 34. Rg2 Bd8 35. g5 h5 36. Kg3 Bc7 37. Rf2 Bd8 38. Bh3 Nc6 39. Be6 a6 40. Rf7+ Kg8 41. Rc7+ 1-0

[Event "30th Klatovy B 2024"]
[Site "Klatovy CZE"]
[Date "2024.07.05"]
[Round "7.30"]
[White "Stepnicka, Filip"]
[Black "Vavrinkova, Jitka"]
[Result "1-0"]
[WhiteElo "1434"]
[BlackElo "1707"]
[PlyCount "82"]
[EventDate "2024.06.29"]
[EventType "swiss"]
[EventRounds "9"]
[EventCountry "CZE"]

1. e4 e6 2. d4 d5 3. Nc3 Nf6 4. Bg5 Be7 5. e5 Nfd7 6. Bxe7 Qxe7 7. f4 a6 8. Nf3 c5 9. dxc5 Qxc5 10. Qd2 Nc6 11. O-O-O O-O 12. Bd3 f6 13. exf6 Nxf6 14. h4 Bd7 15. Rdg1 Ng4 16. Re1 Nf2 17. Rh2 Nxd3+ 18. Qxd3 h6 19. g3 Rac8 20. Kb1 b5 21. Ne2 Nb4 22. Qc3 Qd6 23. Qe5 Qb6 24. Ned4 Nc6 25. Nxc6 Rxc6 26. Nd4 Rd6 27. g4 Kh7 28. g5 h5 29. g6+ Kxg6 30. f5+ Kh6 31. Rg2 Rf6 32. Qg3 g6 33. Qe5 exf5 34. Reg1 Rf8 35. Rg5 Re8 36. Rxh5+ Kxh5 37. Qg7 Re1+ 38. Rxe1 Kxh4 39. Qh6+ Kg3 40. Qe3+ Kg4 41. Rg1+ Kh4 1-0

[Event "30th Klatovy B 2024"]
[Site "Klatovy CZE"]
[Date "2024.07.05"]
[Round "7.34"]
[White "Souralova, Jana"]
[Black "Martinek, Tomas 2012"]
[Result "1/2-1/2"]
[WhiteElo "1557"]
[BlackElo "1438"]
[PlyCount "30"]
[EventDate "2024.06.29"]
[EventType "swiss"]
[EventRounds "9"]
[EventCountry "CZE"]

1. e4 e5 2. Nf3 Nc6 3. Nc3 Nf6 4. Bb5 Bb4 5. d3 d6 6. h3 h6 7. O-O Be6 8. Be3 O-O 9. Bxc6 bxc6 10. Ne2 Qd7 11. c3 Ba5 12. Qc2 Bb6 13. Ng3 Rfe8 14. Rfe1 c5 15. Kh2 Qc6 1/2-1/2

[Event "30th Klatovy B 2024"]
[Site "Klatovy CZE"]
[Date "2024.07.05"]
[Round "7.35"]
[White "Abraham, Darien"]
[Black "Jarosik, Karel"]
[Result "0-1"]
[WhiteElo "1512"]
[BlackElo "1456"]
[PlyCount "96"]
[EventDate "2024.06.29"]
[EventType "swiss"]
[EventRounds "9"]
[EventCountry "CZE"]

1. e4 e5 2. Nf3 Nc6 3. Bc4 Nf6 4. Nc3 Nxe4 5. Nxe4 d5 6. Bd3 dxe4 7. Bxe4 Be7 8. O-O O-O 9. d3 f5 10. Bxc6 bxc6 11. Nxe5 Bb7 12. Re1 c5 13. Bf4 g5 14. Bd2 Qd5 15. f3 Bf6 16. Nc4 g4 17. Ne3 Bd4 18. Kh1 Bxe3 19. Rxe3 Rae8 20. Qe2 Rxe3 21. Bxe3 gxf3 22. gxf3 Qxf3+ 23. Qxf3 Bxf3+ 24. Kg1 Rb8 25. Bxc5 Rxb2 26. Bxa7 Rxc2 27. a4 Rg2+ 28. Kf1 Rxh2 29. Re1 Kf7 30. Bb8 Ra2 31. Bxc7 Rxa4 32. Re3 Bg4 33. Be5 Ra2 34. d4 h5 35. d5 h4 36. d6 h3 37. Kg1 Ke6 38. Bf4+ Kd7 39. Re7+ Kc6 40. d7 Ra1+ 41. Kh2 Rd1 42. d8=Q Rxd8 43. Re6+ Kd5 44. Re5+ Kd4 45. Re1 Rc8 46. Kg1 Rc2 47. Kh1 Bf3+ 48. Kg1 Rg2+ 0-1

[Event "30th Klatovy B 2024"]
[Site "Klatovy CZE"]
[Date "2024.07.05"]
[Round "7.36"]
[White "Deverova, Tereza 1992"]
[Black "Tereshonkov, Stanislav"]
[Result "0-1"]
[WhiteElo "1489"]
[BlackElo "1413"]
[PlyCount "104"]
[EventDate "2024.06.29"]
[EventType "swiss"]
[EventRounds "9"]
[EventCountry "CZE"]

1. d4 d5 2. Nf3 Nf6 3. Bf4 Bf5 4. e3 e6 5. c4 h6 6. h3 Be7 7. Nc3 c6 8. Ne5 Nbd7 9. Bd3 Bxd3 10. Nxd3 dxc4 11. Ne5 Nxe5 12. Bxe5 O-O 13. O-O Nd5 14. Rc1 Bf6 15. Bh2 a6 16. Ne4 b5 17. a3 Qd7 18. Nc5 Qe8 19. Ne4 Be7 20. Bd6 Bxd6 21. Nxd6 Qd7 22. Ne4 Rfd8 23. Nc5 Qe7 24. g3 e5 25. Re1 Re8 26. e4 Nf6 27. f4 exf4 28. gxf4 Nd7 29. Nxd7 Qxd7 30. f5 Rad8 31. d5 cxd5 32. Qxd5 Qxd5 33. exd5 Rxe1+ 34. Rxe1 Rxd5 35. Re8+ Kh7 36. Ra8 Rxf5 37. Rxa6 Rd5 38. Rb6 f6 39. Rb7 Kg6 40. Kf1 Kg5 41. Rxg7+ Kf5 42. Ke2 Kf4 43. Rh7 h5 44. Rf7 Rf5 45. Kf2 Kg5+ 46. Kg2 Kh4 47. Rg7 Rg5+ 48. Rxg5 fxg5 49. Kh2 g4 50. hxg4 hxg4 51. Kg2 g3 52. Kh1 Kh3 0-1

[Event "30th Klatovy B 2024"]
[Site "Klatovy CZE"]
[Date "2024.07.06"]
[Round "8.5"]
[White "Rudlof, Jan 2006"]
[Black "Rudlof, Jan 1974"]
[Result "0-1"]
[WhiteElo "1599"]
[BlackElo "1799"]
[PlyCount "73"]
[EventDate "2024.06.29"]
[EventType "swiss"]
[EventRounds "9"]
[EventCountry "CZE"]

1. e4 {[%emt 0:00:11]} c6 {[%emt 0:01:30]} 2. d4 {[%emt 0:00:11]} d5 {[%emt 0:00:08]} 3. exd5 {[%emt 0:00:21]} cxd5 {[%emt 0:00:20]} 4. Bd3 {[%emt 0:00:24]} Nc6 {[%emt 0:00:12]} 5. c3 {[%emt 0:00:25]} Qc7 {[%emt 0:03:45]} 6. Nd2 {[%emt 0:07:07]} Nf6 {[%emt 0:01:15]} 7. h3 {[%emt 0:00:41]} g6 {[%emt 0:00:34]} 8. Ngf3 {[%emt 0:05:31]} Bg7 {[%emt 0:15:38]} 9. Nb3 {[%emt 0:02:43]} O-O {[%emt 0:03:22]} 10. O-O {[%emt 0:01:57]} b6 {[%emt 0:14:07]} 11. Bg5 {[%emt 0:01:54]} Bf5 {[%emt 0:09:41]} 12. Bxf5 {[%emt 0:07:30]} gxf5 {[%emt 0:02:02]} 13. Bxf6 {[%emt 0:00:42]} Bxf6 {[%emt 0:00:32]} 14. Qd2 {[%emt 0:02:29]} Kh8 {[%emt 0:04:31]} 15. Qh6 {[%emt 0:07:08]} Rg8 {[%emt 0:04:18]} 16. Qh5 {[%emt 0:15:45]} e6 {[%emt 0:10:40]} 17. Rfe1 {[%emt 0:07:22]} Rg7 {[%emt 0:02:09]} 18. g3 {[%emt 0:17:43]} Rag8 {[%emt 0:04:21]} 19. Kf1 {[%emt 0:04:55]} a5 {[%emt 0:23:41]} 20. a4 {[%emt 0:01:59]} Nd8 {[%emt 0:02:39]} 21. Nbd2 {[%emt 0:00:52]} Nb7 {[%emt 0:03:31]} 22. Qh6 {[%emt 0:03:59]} Rg6 {[%emt 0:01:03]} 23. Qe3 {[%emt 0:02:49]} Nd6 {[%emt 0:04:25]} 24. Qf4 {[%emt 0:02:55]} Qd8 {[%emt 0:05:21]} 25. Ne5 {[%emt 0:06:28]} R6g7 {[%emt 0:00:19]} 26. Nef3 {[%emt 0:04:04]} Ne4 {[%emt 0:01:14]} 27. h4 {[%emt 0:02:04]} Rg4 {[%emt 0:00:28]} 28. Qe3 {[%emt 0:04:48]} Qc7 {[%emt 0:00:40]} 29. Nxe4 {[%emt 0:02:42]} fxe4 {[%emt 0:00:22]} 30. Qh6 {[%emt 0:06:37]} R4g6 {[%emt 0:00:37]} 31. Qe3 {[%emt 0:03:18]} exf3 {[%emt 0:00:09]} 32. Qxf3 {[%emt 0:00:02]} Bd8 {[%emt 0:03:54]} 33. Re5 {[%emt 0:02:18]} h6 {[%emt 0:03:59]} 34. Rh5 {[%emt 0:01:47]} Kh7 {[%emt 0:00:25]} 35. Qd3 {[%emt 0:01:03]} Qc4 {[%emt 0:00:21]} 36. Qxc4 {[%emt 0:00:42]} dxc4 {[%emt 0:00:23]} 37. Re1 {[%emt 0:00:07]} 0-1

[Event "30th Klatovy B 2024"]
[Site "Klatovy CZE"]
[Date "2024.07.06"]
[Round "8.15"]
[White "Sova, Zdenek"]
[Black "Vratny, Vojtech"]
[Result "1-0"]
[WhiteElo "1822"]
[BlackElo "1564"]
[PlyCount "59"]
[EventDate "2024.06.29"]
[EventType "swiss"]
[EventRounds "9"]
[EventCountry "CZE"]

1. Nf3 Nf6 2. d4 g6 3. c4 Bg7 4. Nc3 O-O 5. e4 d6 6. Be2 Nbd7 7. O-O e5 8. Be3 c6 9. h3 Qc7 10. Qc2 Re8 11. Rfd1 exd4 12. Bxd4 Ne5 13. Nxe5 dxe5 14. Be3 Be6 15. b3 Rad8 16. f3 Nh5 17. Bf2 Nf4 18. Bf1 f5 19. Rxd8 Rxd8 20. Rd1 Qe7 21. Rxd8+ Qxd8 22. Qd1 Qg5 23. Kh2 h5 24. h4 Qf6 25. g3 fxe4 26. Nxe4 Qf5 27. gxf4 Qxf4+ 28. Bg3 Qe3 29. Qe2 Qd4 30. Qd2 1-0

[Event "30th Klatovy B 2024"]
[Site "Klatovy CZE"]
[Date "2024.07.06"]
[Round "8.16"]
[White "Bubela, Alexander Georg"]
[Black "Svejdar, Petr"]
[Result "1-0"]
[WhiteElo "1549"]
[BlackElo "1695"]
[PlyCount "61"]
[EventDate "2024.06.29"]
[EventType "swiss"]
[EventRounds "9"]
[EventCountry "CZE"]

1. d4 Nf6 2. c4 d5 3. cxd5 Qxd5 4. Nc3 Qd8 5. Nf3 e6 6. Bg5 Be7 7. e3 O-O 8. Bd3 Nc6 9. O-O h6 10. Bh4 b6 11. Rc1 Nb4 12. Bb1 Bb7 13. Ne5 Nbd5 14. a3 Nxc3 15. Rxc3 Nd5 16. Qd3 f5 17. Bxe7 Nxe7 18. f3 Nd5 19. Rcc1 Qg5 20. Rce1 a5 21. Rf2 Ba6 22. Qd2 Rac8 23. f4 Qd8 24. Rf3 Nf6 25. Ba2 Qd6 26. Rh3 Ne4 27. Qd1 Rf6 28. d5 exd5 29. Bxd5+ Kf8 30. Bxe4 fxe4 31. Nd7+ 1-0

[Event "30th Klatovy B 2024"]
[Site "Klatovy CZE"]
[Date "2024.07.06"]
[Round "8.17"]
[White "Mlynek, Jakub"]
[Black "Janouskova, Eliska"]
[Result "1-0"]
[WhiteElo "1694"]
[BlackElo "1670"]
[PlyCount "163"]
[EventDate "2024.06.29"]
[EventType "swiss"]
[EventRounds "9"]
[EventCountry "CZE"]

1. e4 c5 2. c3 Nf6 3. e5 Nd5 4. Bc4 e6 5. d4 cxd4 6. cxd4 d6 7. Nf3 Nc6 8. Qe2 Be7 9. Nc3 Nxc3 10. bxc3 dxe5 11. Nxe5 Nxe5 12. Qxe5 O-O 13. Qe4 Qc7 14. Qd3 Bd7 15. Bb3 Rac8 16. Bd2 a6 17. a4 Rfd8 18. O-O b5 19. f4 g6 20. Qe2 Bc6 21. Qg4 Qd7 22. axb5 Bxb5 23. Rf2 Ra8 24. Re1 Ba4 25. Ba2 Bc2 26. Rfe2 Bf5 27. Qf3 Qa4 28. Bc1 Rab8 29. g4 Bb1 30. Bxb1 Rxb1 31. f5 Bh4 32. fxg6 hxg6 33. Rf1 Qd7 34. g5 Qe7 35. Qg4 Rxc1 36. Rxc1 Qxg5 37. Qxg5 Bxg5 38. Ra1 Rc8 39. Ra3 Be7 40. Rb3 a5 41. Ra2 Bd8 42. Ra4 Kg7 43. Kf2 Kf6 44. Kf3 g5 45. c4 Kf5 46. Rb5+ Kg6 47. d5 exd5 48. Rxd5 Kf6 49. Ke4 Ke6 50. h3 f6 51. Rb5 Bc7 52. Rd5 Bd8 53. c5 Bc7 54. Rc4 Be5 55. Rd2 f5+ 56. Kf3 Bc7 57. Rd1 Bf4 58. h4 Ke5 59. c6 g4+ 60. Kg2 Be3 61. c7 Bb6 62. h5 Rxc7 63. Rxc7 Bxc7 64. Rd7 Bb6 65. h6 Ke6 66. h7 Kxd7 67. h8=Q f4 68. Qg7+ Kc6 69. Qxg4 Be3 70. Qe6+ Kb5 71. Kf1 Kb4 72. Qa2 a4 73. Ke2 a3 74. Kd3 Kc5 75. Qxa3+ Kd5 76. Qa5+ Ke6 77. Ke4 Kd6 78. Qd5+ Kc7 79. Qe6 Kb7 80. Kd5 Ka8 81. Kc6 Ka7 82. Qc8 1-0

[Event "30th Klatovy B 2024"]
[Site "Klatovy CZE"]
[Date "2024.07.06"]
[Round "8.19"]
[White "Vrzal, Vaclav"]
[Black "Vasko, Pavel"]
[Result "1-0"]
[WhiteElo "1682"]
[BlackElo "1655"]
[PlyCount "75"]
[EventDate "2024.06.29"]
[EventType "swiss"]
[EventRounds "9"]
[EventCountry "CZE"]

1. e4 e5 2. Nc3 Nf6 3. f4 d6 4. Nf3 Nbd7 5. Bc4 Be7 6. O-O O-O 7. d3 b6 8. f5 Bb7 9. Qe1 Ne8 10. Qg3 Ndf6 11. Ng5 c6 12. Qh3 Nc7 13. g4 a5 14. a3 d5 15. Ba2 b5 16. Ne2 b4 17. Ng3 Qd6 18. Nh5 Nce8 19. a4 Nxh5 20. Qxh5 Bxg5 21. Bxg5 h6 22. Be3 Nf6 23. Qh4 Nh7 24. Rf3 f6 25. Qh5 Qe7 26. Rg3 Qf7 27. Qxf7+ Kxf7 28. Kf2 Ke8 29. Rag1 Rf7 30. h4 Rd7 31. g5 hxg5 32. hxg5 fxg5 33. Rh1 Nf8 34. Rxg5 d4 35. Bd2 Ra7 36. Rh8 Ba6 37. f6 Bc8 38. Rxe5+ 1-0

[Event "30th Klatovy B 2024"]
[Site "Klatovy CZE"]
[Date "2024.07.06"]
[Round "8.20"]
[White "Zelenka, Tomas"]
[Black "Marko, Ondrej 1960"]
[Result "0-1"]
[WhiteElo "1575"]
[BlackElo "1786"]
[PlyCount "86"]
[EventDate "2024.06.29"]
[EventType "swiss"]
[EventRounds "9"]
[EventCountry "CZE"]

1. e4 d6 2. d4 e5 3. dxe5 dxe5 4. Qxd8+ Kxd8 5. Nf3 f6 6. Bd2 Be6 7. Nc3 c6 8. O-O-O Kc7 9. Be2 Bc5 10. Be1 Nd7 11. h3 Ne7 12. g4 g5 13. Rg1 Ng6 14. Na4 Bb6 15. Nxb6 axb6 16. a3 Nf4 17. Bf1 Nc5 18. h4 h6 19. hxg5 hxg5 20. Bd2 Nh3 21. Bxh3 Rxh3 22. Ne1 Nxe4 23. Nd3 Nxd2 24. Kxd2 Rah8 25. Kc1 R8h4 26. Rg3 Bxg4 27. Rxh3 Rxh3 28. Rg1 Be6 29. Kd2 Kd6 30. b3 c5 31. Rd1 Kc6 32. c4 b5 33. cxb5+ Kxb5 34. a4+ Kc6 35. Rc1 b6 36. b4 c4 37. b5+ Kb7 38. Nb4 Ra3 39. Nc6 Bd5 40. Nb4 Bf3 41. Rxc4 Rxa4 42. Kc3 Be2 43. Re4 Bxb5 0-1